000
00352nam a2200121 4500
008
b xx# fre u
040
_a
LB-BrCRDP
082
1
_a
T
_b
SCH
100
1
_a
Schehadé, Georges
245
1
2
_a
L'émigré de Brisbane
_b
Pièce en neuf tableaux
_c
Georges Schehadé
942
_c
BK
999
_c
9764
_d
9764